000 02200cam a22004574i 4500
003 PE-LiUPU
005 20250731173304.0
008 150616s1986 ag rb 000 0 spa d
035 _a(Sirsi) a3646
040 _aPE-LiUPU
_bspa
_cPE-LiUPU
_dPE-LiUPU
_erda
049 _aPRUA
082 0 4 _a270
_bP65
_221
100 1 _aPinay, Maurice,
_eautor.
245 1 0 _aComplot contra la iglesia /
_cMaurice Pinay.
264 1 _aArgentina :
_bOrganización San José,
_c1968.
300 _apáginas.: 421-799 ;
_c20 centímetros
336 _atext
_2rdacontent
337 _aunmediated
_2rdamedia
338 _avolume
_2rdacarrier
504 _aIncluye bibliografía.
505 0 _aLa quinta columna Judía en el clero: -- La iglesia combate al cripto judaísmo. Excomunión de Obispos negligentes -- El concilio XVI de toledo considera necesaria la destrucción de los judíos quintacolumnistas -- El concilio XVII Toledano castiga con la esclavitud las conspiraciones de los judíos -- Reconciliación Cristiano Judía, preludio de ruina -- Los concilios de la iglesia luchan contra el judaísmo -- Intento de judaización del sacro imperio romano germánico -- El concilio de Meaux lucha contra los judíos públicos y secretos -- Terror en castilla en el siglo XIV -- Los judíos traicionan a su más generoso protector -- La infiltración judía en el clero -- Un cardenal cripto-judío usurpa el papado -- El acercamiento amistoso cristiano judío.
526 _aSEG42
526 _aSEG41
526 _aSEG40
526 _aSEG39
526 _aP94
526 _aP87
526 _aP86
526 _aP85
526 _aP77
526 _aP76
526 _aP35
650 0 4 _aIgelsia - historia.
910 _ajck
_bjvq
_cjck
942 _2ddc
_cBOOK
949 _a270 P65
_wDEWEY
_c1
_i12602
_lCCODEBUL1
_mBUL
_p00.00
_r0
_sY
_tBOOK
_u2015-04-23
_xTEOLOGIA
_zUNKNOWN
_0COMPRA
_o.STAFF. Colección General
994 _aC0
_bPEPRU
596 _a1
999 _a270 P65
_wDEWEY
_c44534
_i12602
_f2021-11-12
_g6
_lCCODEBUL1
_mBUL
_p10.00
_r0
_sY
_tBOOK
_u2015-4-23
_xTEOLOGIA
_PP35
_0COMPRA
_o.STAFF. Colección Teología
_d44534
980 _81
_gALBERTO SANCHEZ Responsable de Automatización